00904nam a2200205 a 4500001001000000003000500010005001700015008004100032010001100073011001100084040000900095100003000104245020600134260004100340500006000381502011000441650002900551650004800580856007000628000115881CHAP20220329144552.0190718s2019 mx a sm |||||||spa d a112342 a113314 cCHAP1 aCruz Nastacio, Meregildo.10aSituación actual y perspectiva de los saberes agrícolas tradicionales campesinos e indígenas en Santa Catarina del Monte, Texcoco, Estado de México /h[En línea]cpor Meregildo Cruz Nastacio. aChapingo, Méx. :bEl autor,c2019. aPara ver el contenido del material haga clic en la liga aTesis (Doctor en Ciencias en Educación Agrícola Superior) -- UACH. Departamento de Sociología Rural14aAgricultura tradicional.14aDesarrollo de la comunidadxMéxico (Edo.) aFinding aiduhttp://10.13.5.2/tesis/sist115881.pdfzTeclea aquí